000 00468nam a2200133Ia 4500
005 20260209120151.0
008 260209s9999||||xx |||||||||||||| ||und||
100 _aRavi Shanker Misra
245 0 _aEnforceability of annulled arbitral award
260 _aBangaloreBangalore
_bNLSIU, Bangalore
_c2024 - 2025
300 _a28 p. ; 25 cm.
700 _aMs. Sahana Ramesh - SupervisorMs. Sahana Ramesh - Supervisor
856 _uhttps://dans.nls.ac.in/handle/123456789/2417
999 _c217740
_d217740